000 01168nam a2200337 a 4500
001 3462180
003 OSt
005 20140310182058.0
008 921021s1988 nyu 000 0 eng
010 _a 92229956
020 _a0060915285 (pbk.) :
_c$12.00
040 _aDLC
_cDLC
041 1 _aeng
_hrus
043 _ae-ur---
050 0 0 _aDK 289
_b.G675 1988
082 _aHS 327.09
_bG65 1987
100 1 _aGorbachev, Mikhail Sergeevich
_d1931-
_912501
240 1 0 _aPerestroĭka i novoe myshlenie dli͡a︡ nasheĭ strany i dli͡a︡ vsego mira.
_lEnglish
245 1 0 _aPerestroika :
_bnew thinking for our country and the world /
_cMikhail Gorbachev.
250 _aNew, updated ed.
260 _aNew York :
_bPerennial Library,
_cc1988.
300 _a296 p. :
_c21 cm.
650 0 _aWorld politics
_y1985-1995.
_912502
650 0 _aPerestroĭka.
_912503
651 0 _aSoviet Union
_xForeign relations
_y1985-1991.
_912504
651 0 _aSoviet Union
_xPolitics and government
_y1985-1991.
_912505
906 _a7
_bcbc
_corignew
_d2
_encip
_f19
_gy-gencatlg
942 _2lcc
_cHS
999 _c9121
_d9121